Propuesta de Ordenamiento Municipal San Francisco Libre Managua, Nicaragua
Presenta propuesta de ordenamiento municipal San Francisco Libre mediante el establecimiento de proyectos que definan, normen y orienten el territorio a través de los enfoques de descentralización, equidad territorial, sustentabilidad e integridad.
| Main Authors: | , , |
|---|---|
| Other Authors: | |
| Format: | Tesis Section = Libro |
| Language: | Undetermined Spanish |
| Published: |
Managua
UNI
2011
|
| Subjects: |
| LEADER | 01194nam a2200265Ia 4500 | ||
|---|---|---|---|
| 008 | 240830s9999 xx 000 0 und d | ||
| 040 | |a BIBLIOTECA-RUSB/ Mon 711.4 G212 | ||
| 041 | |a spa | ||
| 082 | |a Mon 711.4 G212 | ||
| 100 | 1 | |a Garay López, Mildred Arelly | |
| 100 | 1 | |b Marín Tablada, Cristhian Vanessa | |
| 100 | 1 | |c Pérez Baldioceda, Katherine Lisbeth | |
| 245 | 1 | 0 | |a Propuesta de Ordenamiento Municipal San Francisco Libre Managua, Nicaragua |
| 260 | |a Managua |b UNI |c 2011 | ||
| 300 | |a 159 p. :il. | ||
| 502 | |a Tesis (Arquitecto) - UNI, 2011. | ||
| 520 | 3 | |a Presenta propuesta de ordenamiento municipal San Francisco Libre mediante el establecimiento de proyectos que definan, normen y orienten el territorio a través de los enfoques de descentralización, equidad territorial, sustentabilidad e integridad. | |
| 650 | 7 | |a PLANIFICACION DEL ESPACIO - ORDENAMIENTO TERRITORIAL | |
| 650 | 7 | |b METODOLOGIA -ESTUDIO - ORDENAMIENTO TERRITORIAL | |
| 650 | 7 | |c PLANES - PLANIFICACIÓN DE LA CIUDAD - SAN FRANCISCO LIBRE | |
| 650 | 7 | |d ARQUITECTURA - DISEÑO Y PLANOS | |
| 700 | 1 | |a Tutor: |b Hernández Hidalgo, Heimdall Verónica | |
| 942 | |c BK |2 ddc | ||
| 991 | |a TESIS | ||
| 999 | |c 20903 | ||